000 00469nam a22001577a 4500
003 LK-CoDNM
005 20240925103529.0
008 240925b |||||||| |||| 00| 0 eng d
040 _aLK-CoDNM
_dLK-CoDNM
_eLK-CoDNM
041 _asin
100 _aඇම්.ඩී.ආබ්‍රහම්
245 _aපිය සමර
260 _aග්‍රන්ථාලෝක යන්ත්‍රාලය
_bකොට්ටාව
300 _a5p ; 13cm
942 _cBK
999 _c152693
_d152693